00693nam a2200157Ia 4500999001700000082001200017100001500029245018200044260003600226300000900262650006400271650005200335710002300387942001200410952011300422 c21764d21764 aTR.0284 aRane, Usha 0aStudy of women's participation in integrated rural development programme during 1985-86 of the sixth five year plan period in seven selected blocks of Vadodara district, gujarat c1987bM.S. University of Baroda av.p. aINTEGRATED RURAL DEVELOPMENT PROGRAMME - GUJARAT - VADODARA aWOMEN IN RURAL DEVELOPMENT - GUJARAT - VADODARA aParalikar, Kalpana cTH2ddc 00104070aNASSDOCbNASSDOCd2004-10-08i2008-12-30l0oTR.0284p33229r2019-04-18 00:00:00w2019-04-18yTH